Регионална библиотека "Любен Каравелов" - Русе

Парижката съпруга (Запис номер 91765)

MARC детайли
000 -Лидер
Контролно поле с фиксирана дължина 01595nam a2200409 c 4500
003 - Код на организацията, давaща контролен номер
Контролно поле BLK
005 - Дата и час на последна редакция
Контролно поле 20250729112602.0
008 - Елементи от данни с фиксирана дължина
fixed length control field 180408b bul|||||r ||||||| ||bul||
010 ## - Наследен системен номер
LC control number KNG00096527000
020 ## - Международен стандартен номер на книга ISBN
Международен стандартен номер на книга ISBN 9789547692701
040 ## - Източник на каталожния запис
Идентификатор на билиотеката - собственик на записа BLK
041 ## - Код за език
Код за езика на текст/звукозапис или на отделно заглавие Български
Код за езика КДБФ Български
072 #7 - Код за тематичната категория
Код организация bullib
Код за тематична категория Н83
Текст Чужда художествена литература Н
080 ## - УДК
Текстов определител УДК Американска литература (на САЩ)
УДК код - определител по УДК 821.111(73)
УДК определител -312.6
УДК - код + определител 821.111(73)-312.6
100 1# - Редна дума - Автор
Автор Маклейн, Пола
Авторска отговорност първи автор
R(LIN) 304544
139 ## - Редно поле
Редна дума Маклейн, Пола
Авторски знак Мак - М 19
245 10 - Сведения за заглавието
Заглавие Парижката съпруга
Подзаглавни данни Роман
Редно поле (дума) Пола Маклейн; прев. от англ. Любомир Славов Николов.
257 ## - Страна на издаване
Страна на създаване/издаване Съединени американски щати
260 ## - Област на издателските данни
Име на издателя, разпространителя и проч. Обсидиан
Година на издаване 2011
Печатница В. Търново : Абагар
300 ## - Физическа характеристика
Страници 400 с.
Размери/Мащаб 20 см
380 ## - Жанр
Жанр Худож. лит.
500 ## - Общи забележки
Забележка Ориг. загл. The Paris Wife / Paula McLain.
600 14 - Име на лице, използвано като предмет
За него / За нея Хемингуей, Ърнест
9 (RLIN) 367561
653 ## - Ключова дума – ненормативна
Ключова дума романизувани биографии
653 ## - Ключова дума – ненормативна
Ключова дума Ърнест Хемингуей
659 ## - Тематичен бюлетин
Тематичен бюлетин Н
700 ## - Други автори (авторска отговорност)
Лично име Николов, Любомир Славов, 1950 -
Автороска отговорност (Описва отношението между автора и произведението) прев. от англ.
9 (RLIN) 242031
852 ## - Местоположение
Форматна сигнатура Цб 294137
856 4# - Електронен адрес и достъп
Електронен формат pdf - файл
856 4# - Електронен адрес и достъп
Електронен формат pdf - файл
999 ## - СИСТЕМНИ КОНТРОЛНИ НОМЕРА
Koha biblionumber 91765
Koha biblioitemnumber 91765
942 ## - АРТИКУЛИ
Вид на библиотечния материал Книги
Скрит в OPAC Не
Koha issues (borrowed), all copies 51
944 ## - СЪЗДАВАНЕ И РЕДАКЦИЯ на ЗАПИСА
Създаване/Редакция Създаване
Дата на регистрацията/редакция 05.04.2012
Статус, дата на статуса Цветомила Тодорова
Служител, извършил регистрацията/редакцията 30576
944 ## - СЪЗДАВАНЕ И РЕДАКЦИЯ на ЗАПИСА
Създаване/Редакция Редакция
Дата на регистрацията/редакция 10.09.2015
Статус, дата на статуса ф /
Служител, извършил регистрацията/редакцията Виолета_Тройчева
944 ## - СЪЗДАВАНЕ И РЕДАКЦИЯ на ЗАПИСА
Създаване/Редакция Редакция
Дата на регистрацията/редакция 2019-03-27
Статус, дата на статуса 2019-03-27
Служител, извършил регистрацията/редакцията Петя Минчева
999 ## - СИСТЕМНИ КОНТРОЛНИ НОМЕРА
Koha biblioitemnumber 91765
999 ## - СИСТЕМНИ КОНТРОЛНИ НОМЕРА
Koha biblioitemnumber 91765
Наличности
Код за отписване Код за изгубен артикул Източник на класификационната схема Код за повреда Коз за рестрикции Код за отдаване Артикулен № Име на библиотеката - собственик Име на библиотеката, в която се намира в момента Статус (Текущо местоположение) Дата на вписване в системата Местоположение - отдел Цена в лева Инвентарен номер Систематично азбучна сигнатура Баркод Номер на екземпляра Цена в евро Служебна бележка Служебен тип на артикула
  Не е изгубен Universal Decimal Classification Не е повреден без рестрикции заемане за дома 148053 Регионална библиотека "Любен Каравелов" Русе Регионална библиотека "Любен Каравелов" Русе Заемна - подръчен фонд 2012-04-05 Заемна - подръчен фонд 15.00 120000756876 П 821-31/М 19 120000756876 1 7.67 Дост: DA Вид: А N: 6 Дата: 04.04.2012 Дата инв: 16.02.2018 Бележки инв: П2018 Книги
  Не е изгубен Universal Decimal Classification Не е повреден без рестрикции заемане за дома 148054 Регионална библиотека "Любен Каравелов" Русе Регионална библиотека "Любен Каравелов" Русе Заемна - подръчен фонд 2012-04-05 Заемна - подръчен фонд 15.00 120000756877 П 820(73)-31/М 19 120000756877 2 7.67 Дост: DA Вид: А N: 6 Дата: 04.04.2012 Книги
Изтеглен Не е изгубен   Не е повреден без рестрикции заемане за дома 148055 Регионална библиотека "Любен Каравелов" Русе Регионална библиотека "Любен Каравелов" Русе Заемна - подръчен фонд 2015-02-27 Заемна - подръчен фонд 15.00 120000785974 П 820(73)-31/М 19 120000785974 3 7.67 Дост: DA Вид: А N: 6 Дата: 27.02.2015 Дата инв: 15.02.2018 Бележки инв: П2018 Книги
  Не е изгубен Universal Decimal Classification Не е повреден без рестрикции ползва се в читалня 697021 Регионална библиотека "Любен Каравелов" Русе Регионална библиотека "Любен Каравелов" Русе Хранилище 2019-04-01 Хранилище 18.00   Цб 294137 120000830673   9.20   Книги
Vip Innovations Ltd, Rousse, Bulgaria 2025